Statistics for Stamps of the world 1

Click here to take the quiz!

General Stats

  • This quiz has been taken 16 times
  • The average score is 11 of 15

Answer Stats

Answer% Correct
Ireland
100%
Japan
100%
Hungary
92%
North Korea
92%
China
85%
Kazakhstan
85%
Albania
77%
Scotland
77%
Switzerland
77%
East Germany
69%
Ethiopia
69%
Isle of Man
62%
Thailand
54%
Faroe Islands
46%
New South Wales
8%

Score Distribution

Percentile by Number Answered

Percent of People with Each Score

Your Score History

You have not taken this quiz